Central Library OPAC University of Rajshahi

Essentials of strategic management / (Record no. 53136)

MARC details
000 -LEADER
fixed length control field 00834nam a2200265 a 4500
001 - CONTROL NUMBER
control field 53136
003 - CONTROL NUMBER IDENTIFIER
rucl marc code BD-RjUL
005 - DATE AND TIME OF LATEST TRANSACTION
control field 20211209075920.0
008 - FIXED-LENGTH DATA ELEMENTS--GENERAL INFORMATION
fixed length control field 161003s2003 nju b 001 0 eng
020 ## - INTERNATIONAL STANDARD BOOK NUMBER
International Standard Book Number 812032117
035 ## - SYSTEM CONTROL NUMBER
System control number (BD-RjUL)53256
040 ## - CATALOGING SOURCE
Original cataloging agency DLC
Transcribing agency DLC
Modifying agency DLC
-- BD-RjUL
Language of cataloging eng
041 ## - LANGUAGE CODE
Language code of text/sound track or separate title eng
082 00 - DEWEY DECIMAL CLASSIFICATION NUMBER
Classification number 658.4012
Edition number 23
Author mark and year HUE 2003
100 1# - MAIN ENTRY--PERSONAL NAME
Personal name Hunger, J. David
Dates associated with a name 1941-
9 (RLIN) 158835
245 10 - TITLE STATEMENT
Title Essentials of strategic management /
Statement of responsibility, etc. J. David Hunger, Thomas L. Wheelen.
250 ## - EDITION STATEMENT
Edition statement 3rd ed.
260 ## - PUBLICATION, DISTRIBUTION, ETC. (IMPRINT)
Place of publication, distribution, etc. Upper Saddle River, NJ :
Name of publisher, distributor, etc. Prentice Hall,
Date of publication, distribution, etc. c2003 [reprinted 2004].
300 ## - PHYSICAL DESCRIPTION
Pagination ix, 191 p. :
Illustrations ill ;
Size 24 cm.
504 ## - BIBLIOGRAPHY, ETC. NOTE
Bibliography, etc Includes bibliographical references and index.
650 #0 - SUBJECT ADDED ENTRY--TOPICAL TERM
Topical term or geographic name as entry element Strategic planning.
9 (RLIN) 158283
Topical term or geographic name as entry element CASE method.
9 (RLIN) 158836
700 1# - ADDED ENTRY--PERSONAL NAME
Personal name Thomas L . Wheelen
942 ## - ADDED ENTRY ELEMENTS (KOHA)
Source of classification or shelving scheme Dewey Decimal Classification
Koha item type Books
Holdings
Lost status Source of classification or shelving scheme Damaged status Not for loan Collection code Permanent Location Current Location Shelving location Date acquired Source of acquisition Cost, normal purchase price Total Checkouts Full call number Date last seen Copy number Koha item type
  Dewey Decimal Classification     Non-fiction Central Library, University of Rajshahi Central Library, University of Rajshahi   16/06/2007 Dhaka, Paragon Enterprises Ltd 150.00   658.4012 HUE 2003 03/10/2016 C-2 Books
  Dewey Decimal Classification   Not For Loan Non-fiction Central Library, University of Rajshahi Central Library, University of Rajshahi Reading Room 16/06/2007 Dhaka, Paragon Enterprises Ltd. 150.00   658.4012 HUE 2003 21/01/2017 C-1 Books